[Event "27e tournoi 1hKO"]
[Site "Montigny le Bretonneux"]
[Date "2025.05.31"]
[Round "4.8"]
[White "Longbien, Dominique"]
[Black "Payot, Guillaume"]
[Result "0-1"]
[WhiteElo "1618"]
[BlackElo "1729"]
[Annotator "Rivier,Sylvain"]
[PlyCount "60"]
[EventDate "2025.??.??"]
[WhiteTeam "La Dame Noire"]
[BlackTeam "CE Le Roi Soleil - Le Chesnay - Versailles"]

{Défense française, variante d'échange} 1. e4 e6 2. d4 d5 3. exd5 exd5 4.
Bd3 Bd6 5. Nf3 Ne7 6. c4 dxc4 7. Bxc4 O-O 8. O-O h6 9. Bd2 Nd7 10. Qc1 Nf6 11.
Bxh6 gxh6 12. Qxh6 Nf5 13. Qg6+ Ng7 14. Ng5 Qe7 15. Nc3 Bf5 16. Qh6 Rae8 17.
Nd5 Nxd5 18. Bxd5 Bf4 19. h4 Bxg5 20. hxg5 c6 21. Bb3 Ne6 22. Rae1 Qd7 23. Re5
Bg6 24. Rfe1 Bd3 25. R1e3 Qxd4 26. Bxe6 fxe6 27. Rxe6 Rxe6 28. Qxe6+ Rf7 29.
Rf3 Qd7 30. Qg6+ Bxg6 0-1

[Event "27e tournoi 1hKO"]
[Site "Montigny le Bretonneux"]
[Date "2025.05.31"]
[Round "4.9"]
[White "Pujol, Nicolas"]
[Black "Meddour, Ithri"]
[Result "0-1"]
[WhiteElo "1654"]
[BlackElo "1562"]
[Annotator "Rivier,Sylvain"]
[PlyCount "92"]
[EventDate "2025.??.??"]
[WhiteTeam "CE Le Roi Soleil - Le Chesnay - Versailles"]
[BlackTeam "Saint-Quentin en Yvelines"]

{Ouverture anglaise} 1. c4 f5 2. Nc3 Nf6 3. g3 e6 4. Bg2 c6 5. d3 d5 6. e3 dxc4
7. dxc4 Qxd1+ 8. Nxd1 Na6 9. Ne2 Be7 10. O-O Bd7 11. Ndc3 Nb4 12. e4 Nd3 13. a3
Ng4 14. b4 a5 15. h3 axb4 16. hxg4 bxc3 17. Nxc3 fxg4 18. Rd1 Nxc1 19. Raxc1
Rxa3 20. e5 b5 21. cxb5 cxb5 22. Ne4 Ra7 23. Nd6+ Bxd6 24. exd6 Kf7 25. Rd4 e5
26. Bd5+ Kf6 27. Rd2 Rc8 28. Rdc2 Rxc2 29. Rxc2 Ra6 30. Be4 g6 31. Rd2 Rb6 32.
Kf1 Ke6 33. Bd5+ Kxd6 34. Bg8+ Ke7 35. Bxh7 Bf5 36. Bg8 b4 37. Ke1 Be6 38. Bxe6
Kxe6 39. Rb2 Kd5 40. Kd2 b3 41. Kd3 e4+ 42. Kc3 Rc6+ 43. Kd2 Kc4 44. Rb1 Rd6+
45. Kc1 Kc3 46. Rb2 Rd1+ 0-1

[Event "27e tournoi 1hKO"]
[Site "Montigny le Bretonneux"]
[Date "2025.05.31"]
[Round "4.10"]
[White "Hellal, Ayoub"]
[Black "Nguyen-Vany, Jean"]
[Result "0-1"]
[WhiteElo "1299"]
[BlackElo "1653"]
[Annotator "Rivier,Sylvain"]
[PlyCount "102"]
[EventDate "2025.??.??"]
[WhiteTeam "La Dame Noire"]
[BlackTeam "Echiquier Médocain"]

{Défense française, variante d'avance} 1. e4 e6 2. d4 d5 3. e5 c5 4. c3 Nc6
5. Nf3 Qb6 6. Qb3 Qc7 7. Bg5 Nh6 8. Bd3 c4 9. Bxc4 dxc4 10. Qxc4 Be7 11. Bxh6
gxh6 12. b4 a6 13. a4 Qd7 14. Nbd2 Qd5 15. Rb1 Qxc4 16. Nxc4 O-O 17. O-O f6 18.
Rfe1 fxe5 19. dxe5 Rb8 20. Re4 b5 21. axb5 axb5 22. Nd6 Bxd6 23. exd6 Bd7 24.
Ra1 Ra8 25. Rg4+ Kh8 26. Rc1 Rf5 27. h3 Rd5 28. Nd4 Nxd4 29. Rxd4 Rxd4 30. cxd4
Rc8 31. Ra1 Rc6 32. Ra8+ Kg7 33. Ra3 Rxd6 34. Rg3+ Kh8 35. Rd3 Bc6 36. Rc3 Kg7
37. Rg3+ Kf6 38. Rf3+ Bxf3 39. gxf3 Rxd4 40. Kg2 Rxb4 41. Kg3 Rc4 42. f4 b4 43.
f3 b3 44. f5 Kxf5 45. f4 Rxf4 46. h4 b2 47. h5 b1=Q 48. Kh3 Qb3+ 49. Kg2 Ra4
50. Kf2 Ra2+ 51. Kg1 Qb1# 0-1

[Event "27e tournoi 1hKO"]
[Site "Montigny le Bretonneux"]
[Date "2025.05.31"]
[Round "4.11"]
[White "Fayolle, Guy"]
[Black "Cros, Isidore"]
[Result "1-0"]
[WhiteElo "1683"]
[BlackElo "1439"]
[Annotator "Rivier,Sylvain"]
[PlyCount "46"]
[EventDate "2025.??.??"]
[WhiteTeam "Saint-Quentin en Yvelines"]
[BlackTeam "Le Petit Pouchet Paris"]

{Défense sicilienne, fianchetto accéléré} 1. e4 c5 2. Nf3 d6 3. d4 cxd4 4.
Nxd4 g6 5. Nc3 Bg7 6. Be3 Bd7 7. Qd2 Nc6 8. O-O-O e6 9. f3 Nge7 10. Nxc6 Nxc6
11. Nb5 O-O 12. Qxd6 Be8 13. Qxd8 Nxd8 14. Bc5 Bxb5 15. Bxf8 Bxf1 16. Bxg7 Bxg2
17. Rhg1 Bxf3 18. Rd3 Bxe4 19. Rd4 Bf5 20. Bf6 Nc6 21. Rd7 b6 22. Rgd1 Rf8 23.
a3 Na5 {suite illisible} 1-0

[Event "27e tournoi 1hKO"]
[Site "Montigny le Bretonneux"]
[Date "2025.05.31"]
[Round "4.12"]
[White "Adsul, Tanush"]
[Black "Alluch Abdellach, Nordin"]
[Result "1-0"]
[WhiteElo "1299"]
[BlackElo "1665"]
[Annotator "Rivier,Sylvain"]
[PlyCount "65"]
[EventDate "2025.??.??"]
[WhiteTeam "La Dame Noire"]
[BlackTeam "Saint-Quentin en Yvelines"]

{Ouverture du pion dame} 1. d4 c5 2. c3 cxd4 3. cxd4 e6 4. Bf4 Nf6 5. Nf3 Be7
6. e3 a6 7. Bd3 d6 8. Nc3 O-O 9. O-O b5 10. Re1 Bb7 11. Ng5 Qc7 12. Qc2 g6 13.
h4 Nh5 14. a3 Nxf4 15. exf4 Bf6 16. h5 Bg7 17. hxg6 fxg6 18. Nxe6 Qf7 19. Nxf8
Kxf8 20. Be4 Nc6 21. Bd5 Nxd4 22. Qe4 Bxd5 23. Nxd5 Re8 24. Qxe8+ Qxe8 25.
Rxe8+ Kxe8 26. Re1+ Kf8 27. b4 Nc2 28. Re6 Nxa3 29. Rxd6 Nc2 30. Rxa6 Ke8 31.
Ra7 Bf8 32. Rxh7 Nxb4 33. Nc7+ 1-0

[Event "27e tournoi 1hKO"]
[Site "Montigny le Bretonneux"]
[Date "2025.05.31"]
[Round "4.13"]
[White "Kissian, Pascal"]
[Black "Branson, James"]
[Result "0-1"]
[WhiteElo "1650"]
[BlackElo "1665"]
[Annotator "Rivier,Sylvain"]
[PlyCount "91"]
[EventDate "2025.??.??"]
[WhiteTeam "la Tour des Clayes"]
[BlackTeam "Club d'Echecs de Guyancourt"]

{Ouverture du pion dame} 1. d4 Nf6 2. Bg5 Ne4 3. Bf4 g5 4. Bg3 Bg7 5. e3 h5 6.
f3 Nxg3 7. hxg3 d5 8. Nc3 c6 9. Qd2 Qd6 10. Nge2 b5 11. e4 a6 12. Qxg5 Bh6 13.
Qe5 Qxe5 14. dxe5 b4 15. Na4 dxe4 16. fxe4 Be3 17. Nf4 Bg4 18. Be2 Bxe2 19.
Kxe2 Bd4 20. Rxh5 Rxh5 21. Nxh5 Bxe5 22. Kf3 Nd7 23. Nf4 O-O-O 24. Nd3 Bd6 25.
c3 a5 26. cxb4 axb4 27. b3 Ne5+ 28. Nxe5 Bxe5 29. Rc1 Kc7 30. Nc5 Bc3 31. Rc2
Rd6 32. g4 e5 33. g5 Rd1 34. Rf2 Bd4 35. Rc2 Rf1+ 36. Kg4 Rf4+ 37. Kh5 Bf2 38.
g4 Bxc5 39. Rxc5 Rxe4 40. Rc2 Kd6 41. Rg2 c5 42. Kh6 Ke6 43. Kg7 c4 44. bxc4
Rxc4 45. Rf2 Rxg4 46. Kh6 {suite illisible} 0-1

[Event "27e tournoi 1hKO"]
[Site "Montigny le Bretonneux"]
[Date "2025.05.31"]
[Round "4.14"]
[White "Moulun, Raphael"]
[Black "Tanchoux, Pierre"]
[Result "1-0"]
[WhiteElo "1597"]
[BlackElo "1462"]
[Annotator "Rivier,Sylvain"]
[PlyCount "44"]
[EventDate "2025.??.??"]
[WhiteTeam "La Dame Noire"]
[BlackTeam "La Dame Noire"]

{Défense moderne} 1. f4 g6 2. e4 d6 3. Nf3 Bg7 4. Nc3 c6 5. d4 Bg4 6. Be3 Nd7
7. h3 Bxf3 8. Qxf3 e5 9. d5 cxd5 10. Nxd5 Ne7 11. f5 Nxd5 12. exd5 O-O 13. g4
b6 14. Bb5 Nc5 15. Bc6 Rb8 16. Rb1 Qe7 17. O-O Nb7 18. f6 Qxf6 19. Qxf6 Bxf6
20. Rxf6 Nd8 21. Bh6 Nxc6 22. Bxf8 Nb4 1-0

[Event "27e tournoi 1hKO"]
[Site "Montigny le Bretonneux"]
[Date "2025.05.31"]
[Round "4.15"]
[White "Bouloc, Roger"]
[Black "Hajjouj, Mouhcine"]
[Result "1-0"]
[WhiteElo "1438"]
[BlackElo "1592"]
[Annotator "Rivier,Sylvain"]
[PlyCount "64"]
[EventDate "2025.??.??"]
[WhiteTeam "La Dame Noire"]
[BlackTeam "Cercle Echiquier Pertuisien"]

{Défense Caro-Kann, variante d'avance} 1. e4 c6 2. d4 d5 3. e5 c5 4. Bb5+ Nc6
5. dxc5 e6 6. b4 Bd7 7. Bd2 Nxe5 8. Bxd7+ Qxd7 9. Nf3 Nc4 10. O-O Nf6 11. Bc1
Be7 12. Nbd2 Nxd2 13. Nxd2 O-O 14. Re1 Rfc8 15. Bb2 b6 16. cxb6 axb6 17. a3 b5
18. h3 Bf8 19. Bxf6 gxf6 20. Qg4+ Bg7 21. Rec1 Kh8 22. Ra2 Rg8 23. Rd1 Bf8 24.
Qf3 Be7 25. c4 Rxg2+ 26. Kxg2 Rg8+ 27. Kf1 dxc4 28. Nxc4 Qc7 29. Ne3 Qh2 30.
Ng4 Qc7 31. Nxf6 Bxf6 32. Qxf6+ Rg7 1-0

[Event "27e tournoi 1hKO"]
[Site "Montigny le Bretonneux"]
[Date "2025.05.31"]
[Round "4.16"]
[White "Ouaddi, Oussama"]
[Black "Conchou, Patrick"]
[Result "0-1"]
[WhiteElo "1566"]
[BlackElo "1399"]
[Annotator "Rivier,Sylvain"]
[PlyCount "88"]
[EventDate "2025.??.??"]
[WhiteTeam "Club d'Echecs de Triel sur Seine"]
[BlackTeam "Echecs Club d'Orgeval"]

{Ouverture anglaise, variante Mikenas-Carls} 1. c4 Nf6 2. Nc3 e6 3. d4 Be7 4.
e4 d6 5. Nf3 O-O 6. Bd3 h6 7. O-O Nbd7 8. Re1 e5 9. d5 Nc5 10. Bb1 Bg4 11. h3
Bh5 12. b4 Ncd7 13. Be3 b6 14. Bd3 g5 15. g4 Nxg4 16. hxg4 Bxg4 17. Be2 f5 18.
exf5 Rxf5 19. Nh2 Bxe2 20. Qxe2 Qe8 21. Qg4 Qg6 22. Nf3 Kh7 23. Ne4 Raf8 24.
Nfd2 Nf6 25. Nxf6+ Bxf6 26. Qe4 Bg7 27. c5 Kh8 28. cxb6 cxb6 29. Rac1 Qf7 30.
Rc6 Rxf2 31. Qg4 Rxd2 32. Rc8 Rxd5 33. Rxf8+ Qxf8 34. Rc1 Bf6 35. Rc8 Bd8 36.
Ra8 Qe7 37. a4 Kg7 38. a5 bxa5 39. Rxa7 axb4 40. Rxe7+ Bxe7 41. Qc4 Rd1+ 42.
Kf2 d5 43. Qxb4 Bxb4 44. Ke2 Re1+ 0-1

[Event "27e tournoi 1hKO"]
[Site "Montigny le Bretonneux"]
[Date "2025.05.31"]
[Round "4.17"]
[White "Couradin, Bruno"]
[Black "Gabory, Clement"]
[Result "1-0"]
[WhiteElo "1554"]
[BlackElo "1299"]
[Annotator "Rivier,Sylvain"]
[PlyCount "89"]
[EventDate "2025.??.??"]
[WhiteTeam "La Dame Noire"]
[BlackTeam "Club d'Echecs de Guyancourt"]

{Partie italienne} 1. e4 e5 2. Bc4 Nf6 3. Nc3 Bc5 4. Nf3 O-O 5. O-O d6 6. d3
Nc6 7. Bg5 h6 8. Bh4 Be6 9. Bd5 Qe7 10. a3 Bg4 11. h3 Bh5 12. Bxc6 bxc6 13. g4
Bg6 14. Qd2 Qe6 15. Nh2 Bh7 16. Kg2 g5 17. Bg3 d5 18. exd5 cxd5 19. Rae1 e4 20.
d4 Bb6 21. f3 Rfe8 22. Be5 Bxd4 23. Bxd4 exf3+ 24. Nxf3 Qd6 25. Bxf6 Qxf6 26.
Rxe8+ Rxe8 27. Nxd5 Qxb2 28. c4 Qxd2+ 29. Nxd2 Re2+ 30. Rf2 Be4+ 31. Nxe4 Rxe4
32. Nf6+ Kg7 33. Nxe4 Kg6 34. Rd2 a5 35. Rd7 f6 36. Rxc7 a4 37. Rc6 Kg7 38.
Rxf6 Kh7 39. c5 Kg7 40. c6 h5 41. c7 hxg4 42. hxg4 Kh7 43. c8=Q Kg7 44. Qf8+
Kh7 45. Rh6# 1-0

[Event "27e tournoi 1hKO"]
[Site "Montigny le Bretonneux"]
[Date "2025.05.31"]
[Round "4.18"]
[White "Orfila, Hugo"]
[Black "Fasquelle, Yann"]
[Result "0-1"]
[WhiteElo "1299"]
[BlackElo "1516"]
[Annotator "Rivier,Sylvain"]
[PlyCount "64"]
[EventDate "2025.??.??"]
[WhiteTeam "Club d'Echecs de Guyancourt"]
[BlackTeam "Saint-Quentin en Yvelines"]

{Défense sicilienne, variante Paulsen} 1. e4 c5 2. Nf3 e6 3. Nc3 a6 4. d4 cxd4
5. Nxd4 Qb6 6. Be3 Qxb2 7. Bd2 Qb6 8. Be3 Qc7 9. Nf3 Qxc3+ 10. Bd2 Qc7 11. Be2
Nc6 12. Qc1 Nf6 13. Bf4 d6 14. O-O Nxe4 15. Bd3 Nf6 16. Qb2 Be7 17. Rad1 O-O
18. Rfe1 Nd5 19. Bd2 Bf6 20. Qc1 Bd7 21. Re2 Rac8 22. Rf1 Ncb4 23. Bxb4 Nxb4
24. Qa3 Nxd3 25. Qxd3 Bb5 26. Qe3 Bxe2 27. Qxe2 Qxc2 28. Qxc2 Rxc2 29. Rb1 b6
30. Ne1 Rxa2 31. Nd3 Ra1 32. Rxa1 Bxa1 0-1

[Event "27e tournoi 1hKO"]
[Site "Montigny le Bretonneux"]
[Date "2025.05.31"]
[Round "4.19"]
[White "Elie, Nicolas"]
[Black "Gabory, Donatien"]
[Result "1/2-1/2"]
[WhiteElo "1490"]
[BlackElo "1299"]
[Annotator "Rivier,Sylvain"]
[PlyCount "38"]
[EventDate "2025.??.??"]
[WhiteTeam "Club d'Echecs de Guyancourt"]
[BlackTeam "Club d'Echecs de Guyancourt"]

{Partie des quatre cavaliers, variante espagnole} 1. e4 e5 2. Nf3 Nc6 3. Nc3
Nf6 4. Bb5 Bc5 5. d3 Nd4 6. Bg5 Nxf3+ 7. Qxf3 c6 8. Bc4 b5 9. Bb3 b4 10. Ne2 h6
11. Bxf6 gxf6 12. c3 Bb7 13. d4 Bb6 14. dxe5 Rh7 15. exf6 bxc3 16. Nxc3 Rc8 17.
e5 Rc7 18. Rd1 Rh8 19. Qh5 Rf8 {suite illisible} 1/2-1/2

[Event "27e tournoi 1hKO"]
[Site "Montigny le Bretonneux"]
[Date "2025.05.31"]
[Round "4.20"]
[White "Orfila, Leila"]
[Black "Bellabas, Alia"]
[Result "0-1"]
[WhiteElo "1299"]
[BlackElo "1399"]
[Annotator "Rivier,Sylvain"]
[PlyCount "118"]
[EventDate "2025.??.??"]
[WhiteTeam "Club d'Echecs de Guyancourt"]
[BlackTeam "Club d'Echecs Perrotin"]

{Partie italienne} 1. e4 e5 2. Nf3 Nc6 3. Bc4 Bc5 4. O-O Nf6 5. d3 h6 6. Be3
Bb6 7. Nc3 d6 8. Nd5 Nxd5 9. exd5 Nd4 10. Nxd4 exd4 11. Bd2 O-O 12. Qf3 Bd7 13.
Qg3 Qf6 14. c3 Rfe8 15. Rae1 c6 16. Re4 Rxe4 17. dxe4 Qg6 18. Qxg6 fxg6 19.
dxc6+ Be6 20. Bxe6+ Kh7 21. cxd4 bxc6 22. Bb4 Re8 23. Bd7 Rxe4 24. Bxc6 Rxd4
25. Bc3 Rc4 26. Bd5 Rc5 27. Be4 Ba5 28. Bxa5 Rxa5 29. g3 Rxa2 30. Rd1 Rxb2 31.
Rxd6 Rb6 32. Rxb6 axb6 33. Bd3 Kg8 34. Bxg6 Kf8 35. Kf1 Ke7 36. Ke2 Kd6 37. Kd2
Kc5 38. Kc3 b5 39. Kb3 b4 40. f4 Kd4 41. h4 Ke3 42. Bh5 Kf2 43. g4 Kg3 44. g5
hxg5 45. Bf3 Kxf3 46. fxg5 Kg4 47. Kxb4 Kxh4 48. Kc4 Kg4 49. Kd3 g6 50. Ke2
Kxg5 51. Kf2 Kg4 52. Kg1 Kg3 53. Kf1 Kh3 54. Kf2 g5 55. Kf1 g4 56. Kf2 g3+ 57.
Kf1 g2+ 58. Kf2 Kh2 59. Ke3 g1=Q+ 0-1

[Event "27e tournoi 1hKO"]
[Site "Montigny le Bretonneux"]
[Date "2025.05.31"]
[Round "4.21"]
[White "El Hamoui, Noah"]
[Black "Corbillet, Mathieu"]
[Result "0-1"]
[WhiteElo "1299"]
[BlackElo "1652"]
[Annotator "Rivier,Sylvain"]
[PlyCount "106"]
[EventDate "2025.??.??"]
[WhiteTeam "Saint-Quentin en Yvelines"]
[BlackTeam "La Dame Noire"]

{Partie italienne, giuocco piano} 1. e4 e5 2. Nf3 Nc6 3. d4 exd4 4. Bc4 Bc5 5.
c3 d6 6. Nxd4 Bxd4 7. cxd4 Qf6 8. Be3 Nge7 9. O-O O-O 10. Nc3 Re8 11. d5 Ne5
12. Bd4 N7g6 13. Nb5 Qd8 14. Bb3 a6 15. Nc3 Qh4 16. Bxe5 Nxe5 17. f4 Ng4 18. h3
Ne3 19. Qf3 Nxf1 20. Rxf1 Bd7 21. a4 b5 22. a5 b4 23. Ne2 Bb5 24. Qf2 Qxf2+ 25.
Kxf2 Rxe4 26. Re1 Rae8 27. Bd1 Kf8 28. Kf3 Bxe2+ 29. Rxe2 Rxe2 30. Bxe2 Ra8 31.
Bd3 h6 32. g4 Ke7 33. Ke3 Kd7 34. Kd4 Ra7 35. Bf5+ Kd8 36. Bd3 Ke7 37. g5 hxg5
38. fxg5 g6 39. Be2 Kd8 40. Bg4 Rb7 41. Be2 b3 42. Bxa6 Rb4+ 43. Bc4 Kc8 44.
Kc3 Ra4 45. Bxb3 Rxa5 46. Bc2 Kb7 47. Be4 Kb6 48. b3 Ra1 49. Bf3 Rg1 50. Kb4
Rxg5 51. Kc4 f5 52. Be2 f4 53. Bf3 Rg3 0-1

[Event "27e tournoi 1hKO"]
[Site "Montigny le Bretonneux"]
[Date "2025.05.31"]
[Round "4.23"]
[White "Carbonero, Jean Marc"]
[Black "Leblanc, Didier"]
[Result "1-0"]
[WhiteElo "1399"]
[BlackElo "1399"]
[Annotator "Rivier,Sylvain"]
[PlyCount "143"]
[EventDate "2025.??.??"]
[WhiteTeam "La Dame Noire"]
[BlackTeam "Saint-Quentin en Yvelines"]

{Début Ponziani} 1. e4 e5 2. Nf3 Nf6 3. Nc3 Nc6 4. Be2 g6 5. O-O Bg7 6. d3 O-O
7. Be3 d6 8. b3 a6 9. a3 b5 10. d4 Qe7 11. d5 Nd8 12. a4 c6 13. axb5 c5 14. b6
Rb8 15. Na4 Nxe4 16. Bd3 Nf6 17. c4 Bd7 18. Nd2 Nb7 19. Nc3 a5 20. Nb5 Bg4 21.
Be2 Ra8 22. Bxg4 Nxg4 23. Qxg4 Ra6 24. Ra4 Rxb6 25. Re1 Ra6 26. Ne4 Raa8 27. f4
Rad8 28. Na7 f5 29. Qg5 Rde8 30. Qxe7 Rxe7 31. Nb5 fxe4 32. Bd2 Ref7 33. Rxe4
exf4 34. Ra1 f3 35. Rf1 fxg2 36. Rxf7 Rxf7 37. Re8+ Bf8 38. Kxg2 Kg7 39. Bc3+
Kh6 40. Bd2+ g5 41. Re6+ Kh5 42. Re2 g4 43. Be1 Rg7 44. Rf2 Be7 45. Rf5+ Bg5
46. Kg3 Kg6 47. Kxg4 Be7 48. h4 h5+ 49. Rxh5 Kf7+ 50. Kh3 Rg1 51. Rf5+ Kg6 52.
Rf2 Rxe1 53. Rg2+ Kf5 54. Rf2+ Ke4 55. h5 Rh1+ 56. Kg2 Re1 57. Rf7 Re2+ 58. Kf1
Ke3 59. Rxe7+ Kd2 60. Rxe2+ Kd3 61. h6 Nd8 62. h7 Nf7 63. Rf2 Nh8 64. Rf8 Ng6
65. Rf7 Kc2 66. Rg7 Nf4 67. h8=Q Kxb3 68. Nxd6 a4 69. Qb8+ Kc2 70. Ra7 Kc1 71.
Rxa4 Nd3 72. Ra2 1-0

[Event "27e tournoi 1hKO"]
[Site "Montigny le Bretonneux"]
[Date "2025.05.31"]
[Round "4.5"]
[White "Saint-Esteben, Anton"]
[Black "Alami Messaoudi, Wissam"]
[Result "0-1"]
[WhiteElo "1650"]
[BlackElo "1784"]
[Annotator "Rivier,Sylvain"]
[PlyCount "74"]
[EventDate "2025.??.??"]
[WhiteTeam "Club d'Echecs du Vesinet"]
[BlackTeam "La Dame Noire"]

{Partie du pion dame} 1. d4 d5 2. Bf4 Nf6 3. Nf3 e6 4. e3 Bd6 5. Bxd6 Qxd6 6.
Nc3 O-O 7. Bd3 c5 8. e4 dxe4 9. Nxe4 Nxe4 10. Bxe4 Qb6 11. Rb1 Re8 12. c3 cxd4
13. cxd4 f5 14. Bd3 Nc6 15. d5 Qa5+ 16. Nd2 Qxd5 17. Bf1 Qe5+ 18. Qe2 Qxe2+ 19.
Bxe2 Kf7 20. Nf3 h6 21. O-O e5 22. Bc4+ Be6 23. Bxe6+ Kxe6 24. Rfd1 e4 25. Nd2
g5 26. Kf1 Ne5 27. Ke2 Rac8 28. b3 Rc2 29. a4 Nd3 30. Ke3 Nxf2 31. h3 Nxd1+ 32.
Rxd1 f4+ 33. Ke2 e3 34. Re1 Rxd2+ 35. Kf3 Kf5 36. g4+ Ke5 37. b4 Rf2# 0-1

[Event "27e tournoi 1hKO"]
[Site "Montigny le Bretonneux"]
[Date "2025.05.31"]
[Round "5.1"]
[White "Krivcenko, Aleksandrs"]
[Black "Thibous, Mathis"]
[Result "1/2-1/2"]
[WhiteElo "1919"]
[BlackElo "2145"]
[Annotator "Rivier,Sylvain"]
[PlyCount "62"]
[EventDate "2025.??.??"]
[WhiteTeam "Fontainebleau-Avon"]
[BlackTeam "Fontainebleau-Avon"]

{Défense sicilienne, variante Löwenthal} 1. e4 c5 2. Nf3 Nc6 3. d4 cxd4 4.
Nxd4 Nf6 5. Nc3 e5 6. Ndb5 d6 7. Bg5 a6 8. Na3 b5 9. Nd5 Be7 10. Bxf6 Bxf6 11.
c3 Ne7 12. Nxf6+ gxf6 13. Bd3 d5 14. Nc2 f5 15. exd5 Qxd5 16. Ne3 Qe6 17. Qh5
f4 18. Be4 Rb8 19. Ng4 Rb6 20. Nxe5 Ng6 21. Bxg6 fxg6 22. Qe2 O-O 23. Nf3 Bb7
24. Qxe6+ Rxe6+ 25. Kf1 Bxf3 26. gxf3 Rd8 27. Re1 Rde8 28. Rxe6 Rxe6 29. Rg1
Rd6 30. Ke2 Re6+ 31. Kd2 Rd6+ 1/2-1/2

[Event "27e tournoi 1hKO"]
[Site "Montigny le Bretonneux"]
[Date "2025.05.31"]
[Round "5.2"]
[White "Forissier, Nicolas"]
[Black "Thibous, Leo"]
[Result "0-1"]
[WhiteElo "1890"]
[BlackElo "1862"]
[Annotator "Rivier,Sylvain"]
[PlyCount "72"]
[EventDate "2025.??.??"]
[WhiteTeam "La Dame Noire"]
[BlackTeam "Fontainebleau-Avon"]

{Ouverture du pion dame} 1. d4 g6 2. Nf3 Bg7 3. c4 d6 4. Nc3 e5 5. dxe5 dxe5 6.
Qxd8+ Kxd8 7. e4 c6 8. Be3 f6 9. c5 Be6 10. Nd2 Nd7 11. f3 Bf8 12. Na4 Kc7 13.
Bc4 Bxc4 14. Nxc4 Nh6 15. O-O Nf7 16. Rfd1 Rb8 17. b4 b5 18. cxb6+ axb6 19.
Rxd7+ Kxd7 20. Ncxb6+ Ke6 21. Nc5+ Bxc5 22. bxc5 Rhd8 23. a4 Rd3 24. Kf2 Rb7
25. a5 Ra7 26. a6 Rd8 27. Ra2 g5 28. g4 Nh6 29. h4 Nf7 30. Kg3 h6 31. h5 Ke7
32. Kf2 Rb8 33. Ra3 Nd8 34. Ke2 Ne6 35. Kf2 Nc7 36. Ra2 Rd8 {suite illisible}
0-1

[Event "27e tournoi 1hKO"]
[Site "Montigny le Bretonneux"]
[Date "2025.05.31"]
[Round "5.3"]
[White "Suffert, Martin"]
[Black "Payot, Guillaume"]
[Result "1-0"]
[WhiteElo "1896"]
[BlackElo "1729"]
[Annotator "Rivier,Sylvain"]
[PlyCount "33"]
[EventDate "2025.??.??"]
[WhiteTeam "la Tour des Clayes"]
[BlackTeam "CE Le Roi Soleil - Le Chesnay - Versailles"]

{Ouverture irrégulière} 1. a3 d5 2. Nf3 Nf6 3. e3 Bg4 4. c4 c6 5. Be2 e6 6.
b4 Bd6 7. Bb2 O-O 8. h3 Bxf3 9. gxf3 e5 10. d3 Nbd7 11. Nd2 Re8 12. Nf1 d4 13.
Ng3 c5 14. Qd2 a6 15. Rg1 b5 16. Nf5 Bf8 17. Nh6+ 1-0

[Event "27e tournoi 1hKO"]
[Site "Montigny le Bretonneux"]
[Date "2025.05.31"]
[Round "5.4"]
[White "Nguyen-Vany, Jean"]
[Black "Almeida, Oscar Coelho"]
[Result "0-1"]
[WhiteElo "1653"]
[BlackElo "1822"]
[Annotator "Rivier,Sylvain"]
[PlyCount "106"]
[EventDate "2025.??.??"]
[WhiteTeam "Echiquier Médocain"]
[BlackTeam "Saint-Quentin en Yvelines"]

{Défense Grünfeld} 1. d4 Nf6 2. Bf4 d5 3. e3 g6 4. Nf3 Bg7 5. c4 c6 6. Nc3
Nbd7 7. cxd5 cxd5 8. Bb5 a6 9. Ba4 O-O 10. O-O Nb6 11. Bb3 e6 12. Rc1 Nbd7 13.
Ne2 Qe7 14. Ng3 h6 15. Ne5 Nxe5 16. Bxe5 Ne8 17. Bxg7 Kxg7 18. f4 Bd7 19. Rf2
Bc6 20. a3 Nd6 21. Ba2 Rac8 22. Bb1 Nc4 23. Qf3 Rc7 24. f5 exf5 25. Re1 Nd6 26.
Ba2 Ne4 27. Nxe4 dxe4 28. Qg3 Kh7 29. Rc1 Rd8 30. Rfc2 Rcd7 31. Rc5 Qg5 32.
Qxg5 hxg5 33. g3 Kg7 34. Kf2 f4 35. Rxg5 fxe3+ 36. Kxe3 Rxd4 37. Rc2 Rd3+ 38.
Ke2 f5 39. Bc4 Kf6 40. h4 Bb5 41. Bxb5 axb5 42. g4 Rh3 43. gxf5 Rh2+ 44. Ke3
Rxc2 45. Rxg6+ Kxf5 46. Rg5+ Kf6 47. Rxb5 Rd7 48. Kxe4 Rc4+ 49. Ke3 Rxh4 50.
Rb6+ Ke7 51. Ke2 Kd8 52. Ke3 Kc7 53. Rg6 Rh2 0-1

[Event "27e tournoi 1hKO"]
[Site "Montigny le Bretonneux"]
[Date "2025.05.31"]
[Round "5.5"]
[White "Alami Messaoudi, Wissam"]
[Black "Salagnac, Sowan"]
[Result "1-0"]
[WhiteElo "1784"]
[BlackElo "1640"]
[Annotator "Rivier,Sylvain"]
[PlyCount "33"]
[EventDate "2025.??.??"]
[WhiteTeam "La Dame Noire"]
[BlackTeam "Saint-Quentin en Yvelines"]

{Défense Caro-Kann, variante d'échange} 1. e4 c6 2. d4 d5 3. exd5 cxd5 4. Bd3
Nc6 5. c3 Nf6 6. h3 e6 7. Bf4 Bd6 8. Bxd6 Qxd6 9. Nf3 O-O 10. O-O Re8 11. Re1
e5 12. dxe5 Nxe5 13. Nxe5 Rxe5 14. Rxe5 Qxe5 15. Nd2 Bf5 16. Nf3 Qf4 17. g3 1-0

[Event "27e tournoi 1hKO"]
[Site "Montigny le Bretonneux"]
[Date "2025.05.31"]
[Round "5.6"]
[White "Meddour, Ithri"]
[Black "Fasquelle, Cedric"]
[Result "0-1"]
[WhiteElo "1562"]
[BlackElo "1774"]
[Annotator "Rivier,Sylvain"]
[PlyCount "68"]
[EventDate "2025.??.??"]
[WhiteTeam "Saint-Quentin en Yvelines"]
[BlackTeam "Saint-Quentin en Yvelines"]

{Défense sicilienne, variante Alapine} 1. e4 c5 2. c3 d5 3. Nf3 Nc6 4. e5 Bg4
5. Bb5 Qc7 6. d4 e6 7. h3 Bh5 8. g4 Bg6 9. Be3 a6 10. Bxc6+ Qxc6 11. Nh4 Bxb1
12. Rxb1 Be7 13. Ng2 f6 14. f4 Nh6 15. Qd2 Nf7 16. b4 cxb4 17. cxb4 Qb5 18. Kf2
Rc8 19. Rb2 O-O 20. Kg3 h6 21. Rc1 fxe5 22. dxe5 Rc4 23. Rxc4 dxc4 24. Bc5 Rd8
25. Qf2 Rd3+ 26. Kh2 c3 27. Rc2 Bd8 28. Ne1 Rd1 29. Rxc3 b6 30. a4 Qxa4 31.
Bxb6 Bxb6 32. Qxb6 Rxe1 33. Qxe6 Re2+ 34. Kg3 Qa2 {suite illisible} 0-1

[Event "27e tournoi 1hKO"]
[Site "Montigny le Bretonneux"]
[Date "2025.05.31"]
[Round "5.7"]
[White "Adsul, Tanush"]
[Black "Chevrier, Denis"]
[Result "0-1"]
[WhiteElo "1299"]
[BlackElo "1734"]
[Annotator "Rivier,Sylvain"]
[PlyCount "58"]
[EventDate "2025.??.??"]
[WhiteTeam "La Dame Noire"]
[BlackTeam "Club d'Echecs de l'Arpajonnais"]

{Partie du pion dame} 1. d4 d5 2. Nf3 Nf6 3. Bf4 e6 4. e3 c5 5. c3 Qb6 6. Qc2
Nc6 7. Nbd2 Bd7 8. Be2 Rc8 9. O-O cxd4 10. exd4 Nxd4 11. Nxd4 Qxd4 12. Be3 Qe5
13. f4 Qxe3+ 14. Kh1 Qxe2 15. Rae1 Qh5 16. Nf3 Bd6 17. f5 Ne4 18. Kg1 Bc5+ 19.
Rf2 Bxf2+ 20. Kf1 Bxe1 21. Kxe1 Qxf5 22. Qb3 Bc6 23. Ke2 Nc5 24. Qa3 Bb5+ 25.
Kf2 Qc2+ 26. Kg3 Ne4+ 27. Kh3 Bf1 28. Qxa7 Qxg2+ 29. Kh4 Qh3# 0-1